Golf courses and country clubs: a guide to appraisal, market analysis, development and financing. (Record no. 90361)

MARC details
000 -LEADER
fixed length control field 01176cam a2200277 4500
008 - FIXED-LENGTH DATA ELEMENTS--GENERAL INFORMATION
fixed length control field 090401t1992 xxu||||| |||| 00| 0 eng d
020 ## - INTERNATIONAL STANDARD BOOK NUMBER
International Standard Book Number 0922154058
035 ## - SYSTEM CONTROL NUMBER
System control number (Sirsi) u36667
041 ## - LANGUAGE CODE
Language code of text/sound track or separate title eng
050 ## - LIBRARY OF CONGRESS CALL NUMBER
Classification number 712.7
-- 18
100 ## - MAIN ENTRY--PERSONAL NAME
Personal name Gimmy, Arthur E
245 ## - TITLE STATEMENT
Title Golf courses and country clubs: a guide to appraisal, market analysis, development and financing.
260 ## - PUBLICATION, DISTRIBUTION, ETC.
Place of publication, distribution, etc. Chicago, Illinois
Name of publisher, distributor, etc. Appraisal Institute
Date of publication, distribution, etc. 1992
300 ## - PHYSICAL DESCRIPTION
Extent xii,163p. : ill. ; 26cm.
350 ## - PRICE (NR) (BK AM CF MU VM SE) [OBSOLETE]
Price 0
520 ## - SUMMARY, ETC.
Summary, etc. Provides clear descriptions of the various types of golf courses and their operational categories. Also discusses supply and demand relationships, financial feasibility, highest and best use, the application of the cost, income and sales comparison approaches, and the problems encountered in obtaining financing. Also covers golf courses and country clubs designed as part of residential real estate developments.
650 ## - SUBJECT ADDED ENTRY--TOPICAL TERM
Topical term or geographic name entry element COUNTRY CLUBS
650 ## - SUBJECT ADDED ENTRY--TOPICAL TERM
Topical term or geographic name entry element DESIGN
650 ## - SUBJECT ADDED ENTRY--TOPICAL TERM
Topical term or geographic name entry element GOLF COURSES
650 ## - SUBJECT ADDED ENTRY--TOPICAL TERM
Topical term or geographic name entry element PLANNING
690 ## - LOCAL SUBJECT ADDED ENTRY--TOPICAL TERM (OCLC, RLIN)
Topical term or geographic name as entry element LEISURE AND RECREATION
700 ## - ADDED ENTRY--PERSONAL NAME
Personal name Benson, Martin E.
710 ## - ADDED ENTRY--CORPORATE NAME
Corporate name or jurisdiction name as entry element Appraisal Institute
9 (RLIN) 2987
942 ## - ADDED ENTRY ELEMENTS (KOHA)
Suppress in OPAC 0
948 ## - LOCAL PROCESSING INFORMATION (OCLC); SERIES PART DESIGNATOR (RLIN)
c (OCLC) 04/03/1997
Holdings
Withdrawn status Lost status Source of classification or shelving scheme Damaged status Not for loan Home library Current library Shelving location Date acquired Cost, normal purchase price Total Checkouts Full call number Barcode Date last seen Date last checked out Copy number Cost, replacement price Price effective from Koha item type
    Dewey Decimal Classification     London London Books 06/01/2003 39.95 1 712.7 GIM 30068291 06/08/2019 24/04/2003 1 39.95 06/08/2019 Book